000 00728nam a2200289Ia 4500
005 20260324142108.0
008 008 260324s9999 xx 000 0 eng d
020 _a9781315801100
037 _aEBOOK
040 _aCRL
040 _beng
040 _cCRL
041 _2eng
041 _aeng
084 _qCRL
100 _aPaul R Keys
_91210671
245 0 _aSchool Social Workers in the Multicultural Environment
245 0 _bNew Roles, Responsibilities, and Educational Enrichment
260 _bTaylor and Francis
260 _c1995
365 _a
365 _b99.99
856 _uhttp://www.taylorfrancis.com/books/9781315801100
942 _cEBOOK
999 _c1814466
_d1814466